000 00719cam a22002533a 4500
001 30919
003 PGUSA
005 20140828083652.0
008 100110s2010||||xxu|||||s|||||000 | eng d
040 _aPGUSA
_beng
042 _adc
050 4 _aDT
050 4 _aHQ
100 1 _aMatos, J. J. Rodrigues de
245 1 2 _aA mulher; Os Portuguezes em Tanger
_h[electronic resource] /
_cJ. J. Rodrigues de Matos
260 _bProject Gutenberg,
_c2010
506 _aPublic domain in the USA.
516 _aElectronic text
653 _aWomen
653 _aPortuguese -- Morocco -- History -- 16th century
830 0 _aProject Gutenberg
_v30919
856 4 0 _uhttp://www.gutenberg.org/ebooks/30919
942 _cEB
999 _c260174
_d260174